000 00516nam a22001697a 4500
999 _c9094
_d9094
008 210323b ||||| |||| 00| 0 eng d
040 _aBMS College of Architecture
100 _aAgarwal, Navdita
245 _aThe museum of faith Bangalore
300 _a57p.
500 _a1BM06AT021
502 _8B.Arch
_NBMS College of Architecture, Visvesvaraya Technological University
_aProject report
_d2011
650 _aMuseum
700 _aSindhu Srikanth
_eGuide
700 _aK R Madhu Chand
_eGuide
942 _2ddc
_cTHE